[Event "Asia-ch U20"]
[White "Gopal, Geetha Narayanan"]
[Black "Sriram, Sarja"]
[Site "Bikaner"]
[Round "5"]
[Result "1-0"]
[Date "2004.12.25"]
[WhiteElo "2278"]
[BlackElo "2260"]
[PlyCount "117"]
[EventDate "2004.12.22"]
[EventType "swiss"]
[EventRounds "11"]
[EventCountry "IND"]
[SourceTitle "CBM 104 Extra"]
[Source "ChessBase"]
[SourceDate "2005.03.01"]
[SourceVersion "1"]
[SourceVersionDate "2005.03.01"]
[SourceQuality "1"]

1. e4 c5 2. Nf3 d6 3. d4 Nf6 4. Nc3 cxd4 5. Nxd4 a6 6. Be2 e5 7. Nb3 Be7 8. Bg5 Be6 9. Bxf6 Bxf6 10. Qd3 0-0 11. 0-0-0 Be7 12. Nd5 Bxd5 13. Qxd5 Qb6 14. Rhf1 Nd7 15. Kb1 Nf6 16. Qd3 Rfd8 17. Bf3 a5 18. Nd2 a4 19. a3 Qc5 20. c3 d5 21. exd5 Nxd5 22. Qc4 Rac8 23. Qxc5 Rxc5 24. Ne4 Rc7 25. Rxd5 Rxd5 26. Nf6+ Bxf6 27. Bxd5 Kf8 28. Rd1 Be7 29. f3 Bc5 30. Be4 b6 31. Rd5 f6 32. Bxh7 g6 33. Bxg6 Rg7 34. Bc2 Rxg2 35. Bxa4 Rxh2 36. Bc2 Rf2 37. Be4 Ke7 38. Rd3 Ke6 39. Bd5+ Kf5 40. b4 Bf8 41. Be4+ Kf4 42. Rd8 Bh6 43. Rh8 Rh2 44. Rh7 Ke3 45. Rf7 Bg5 46. a4 Kd2 47. Kb2 Kd1+ 48. Kb3 Kc1 49. Kc4 Ra2 50. Kb5 Kb2 51. c4 Ka3 52. Rd7 Rb2 53. Rd3+ Ka2 54. Bd5 Bd2 55. c5+ Kb1 56. Rb3 Rxb3 57. Bxb3 bxc5 58. bxc5 Kb2 59. c6 1-0